Science Quiz

Random Science or Math Quiz

Simplify the Fraction! Quiz Stats

Quiz Updated Mar 15, 2012

Challenge
Share
Tweet
Embed
Score 0/34 Timer 02:00
0 Plays Today
Fraction Simplified Fraction % Correct
3/91/3
99.5%
15/185/6
95.8%
60/902/3
92.7%
30/3215/16
87.7%
6/83/4
85.5%
12/154/5
83.1%
21/247/8
81.2%
24/424/7
73.9%
10/1910/19
71.4%
3/103/10
67.8%
48/604/5
63.2%
88/1218/11
62.6%
80/908/9
56.3%
24/481/2
55.2%
2/41/2
55.2%
42/563/4
46.9%
27/453/5
46.2%
Fraction Simplified Fraction % Correct
45/815/9
42.4%
15/751/5
39.8%
24/362/3
37.8%
35/457/9
34.9%
36/902/5
24%
16/364/9
21.5%
14/352/5
20.3%
56/704/5
15.5%
4/102/5
15%
20/245/6
13.7%
30/901/3
13.3%
6/421/7
12.1%
27/541/2
10.9%
41/821/2
10.6%
18/812/9
10.3%
42/496/7
9.7%
38/572/3
9.3%

You're not logged in!

Compare scores with friends on all Sporcle quizzes.
Sign Up with Email
OR
Log In

You Might Also Like...

Show Comments

Extras

Top Quizzes Today


Score Distribution

Your Account Isn't Verified!

In order to create a playlist on Sporcle, you need to verify the email address you used during registration. Go to your Sporcle Settings to finish the process.